00666nam a2200205Ia 450000500170000000800410001704000190005804100120007708200160008924500790010526000380018430000120022244000280023465000450026270000160030785000100032394200070033399900170034095201030035720221212144452.0131103s9999 xx 000 0 und d aLoreto College aEnglish a812.08bHEW aFamous American plays of the 1940scselected and introduced by Henry Hewes aNew YorkbDell Publishingcc 1960 a447 p.  aThe Laurel Drama Series aAmerican Drama - Collections,1940 - 1949 aHewes,Henry aLCLIB cBK c11731d62210 00102ddc4070aMAINbMAINd2013-11-04l0o812.08 HEW 14371pB11639r2013-11-04w2013-11-04yBKf